000 00746nam a2200241 a 4500
005 20150109142135.0
008 881109s1989 nyua b 001 0 eng
010 _aENG-93616
020 _a0070140804
_c595.00
020 _a9780070140806
_c595.00
035 _aEN-77149
037 _bDBAD / PUB
040 _adpl
_bEnglish
082 _a005.133
100 _aSchildt, Herbert
245 _aC# 3.0:
_cby Herbert Schildt
_bthe complete reference /
260 _aNew Delhi
_bTata McGraw-Hill Publishing
_c2009
270 _a7, West Patel Nagar,
_bNew Delhi
_e110008
300 _axxv, 886 p.
_c25cm(pbk)
500 _aIncludes index.
650 _aC# (Computer program language)
942 _2ddc
_cEN
_mSCH
_h005.133
999 _c26611
_d26611